| 000 | 02685nam0a2200373 i 4500 | ||
|---|---|---|---|
| 001 | RU\NLR\bibl\2082198 | ||
| 005 | 20260407125756.0 | ||
| 010 |
_a5983170961 _95000 |
||
| 021 |
_aRU _b2013-72526 _94968 |
||
| 035 | _a(NLR Aleph) 002073008 | ||
| 090 |
_a4775322 _c4775322 |
||
| 100 | _a20131015d2013 u y0rusy50 ca | ||
| 101 | 0 | _arus | |
| 102 | _aRU | ||
| 105 | _aa ||||||||| | ||
| 200 | 1 |
_aЛетопись Серафимо-Дивеевского монастыря Нижегородской губернии Ардатовского уезда с жизнеописанием основателей ее: преподобного Серафима и схимонахини Александры, урожденной А.С. Мельгуновой _fсост. архим. Серафим (Чичагов) |
|
| 210 |
_aМосква _cСвято-Троицкий Серафимо-Дивеевский монастырь _cКовчег _d2013 |
||
| 215 |
_a894, [1] с., [17] л. ил., портр. _d22 |
||
| 320 | _aБиблиогр. в тексте предисл. | ||
| 327 | 1 | _aВ кн. также: Молитва преподобному Серафиму Саровскому чудотворцу | |
| 464 | 0 |
_12001#$aМолитва преподобному Серафиму Саровскому чудотворцу _1702#0$3RU\NLR\auth\774071$aСерафим Саровский$cМошнин, Прохор Сидорович$cиеромонах$f1759-1833$4570 _tМолитва преподобному Серафиму Саровскому чудотворцу |
|
| 601 | 0 | 2 |
_aТроицкий Серафимо-Дивеевский женский монастырь _cНижегородская область _91597032 _3RU\NLR\AUTH\661001000 |
| 686 | 2 | _aЭ372.24-647.2 | |
| 702 | 0 |
_4570 _8rus _7ca _aАлександра _cМельгунова, Агафия Семеновна _cсхимонахиня _f-1789 _3RU\NLR\AUTH\7711207 _9120961 |
|
| 702 | 0 |
_4570 _8rus _7ca _aСерафим Саровский _cМошнин, Прохор Сидорович _cиеромонах _f1759-1833 _3RU\NLR\AUTH\774071 _9114058 |
|
| 702 | 0 |
_4070 _8rus _7ca _aСерафим _cЧичагов, Леонид Михайлович _cмитрополит Ленинградский и Новгородский _f1856-1937 _3RU\NLR\AUTH\7715497 _9125146 |
|
| 711 | 0 | 2 |
_aТроицкий Серафимо-Дивеевский женский монастырь _cНижегородская обл. _3RU\NLR\AUTH\889971954 _9440422 |
| 801 | 0 |
_aRU _bNLR _c20131015 _gRCR |
|
| 801 | 1 |
_aRU _bNLR _c20131015 |
|
| 942 | _cBOOK | ||
| 980 | _aNBR | ||